LEADER 02403nam 2200613 a 450 001 9910451634603321 005 20200520144314.0 010 $a1-280-85771-4 010 $a9786610857715 010 $a0-8213-6946-6 035 $a(CKB)1000000000474817 035 $a(EBL)459687 035 $a(OCoLC)507298624 035 $a(SSID)ssj0000088063 035 $a(PQKBManifestationID)11997932 035 $a(PQKBTitleCode)TC0000088063 035 $a(PQKBWorkID)10069872 035 $a(PQKB)11383954 035 $a(MiAaPQ)EBC459687 035 $a(Au-PeEL)EBL459687 035 $a(CaPaEBR)ebr10176225 035 $a(CaONFJC)MIL85771 035 $a(OCoLC)228169235 035 $a(EXLCZ)991000000000474817 100 $a20061212d2007 uf 0 101 0 $aeng 135 $aurcn||||||||| 181 $ctxt 182 $cc 183 $acr 200 00$aLocal budgeting$b[electronic resource] /$fedited by Anwar Shah 210 $aWashington, D.C. $cWorld Bank$dc2007 215 $a1 online resource (410 p.) 225 1 $aPublic sector governance and accountability series 300 $aDescription based upon print version of record. 311 $a0-8213-6945-8 320 $aIncludes bibliographical references and index. 327 $aContents; Foreword; Preface; Acknowledgments; Contributors; Abbreviations and Acronyms; Overview; Part I Fiscal Administration; BOXES; TABLES; Part II Local Budgeting; FIGURES; Index 330 $aThis book provides a comprehensive treatment of all aspects of local budgeting needed to develop sound fiscal administration such as setting priorities, planning, financial control over inputs, management of operations and accountability to citizens. Topics covered include fiscal administration, forecasting, fiscal discipline, fiscal transparency, integrity of revenue administration, budget formats, and processes including performance budgeting, and capital budgeting. 410 0$aPublic sector governance and accountability series. 606 $aLocal budgets 606 $aLocal finance 608 $aElectronic books. 615 0$aLocal budgets. 615 0$aLocal finance. 676 $a352.4/8214 701 $aShah$b Anwar$0125713 801 0$bMiAaPQ 801 1$bMiAaPQ 801 2$bMiAaPQ 906 $aBOOK 912 $a9910451634603321 996 $aLocal budgeting$92112394 997 $aUNINA LEADER 01136nam0 22002891i 450 001 UON00192267 005 20231205103219.960 100 $a20030730d1930 |0itac50 ba 101 $aeng 102 $aGB 105 $a|||| 1|||| 200 1 $aˆThe ‰Adventures of Roderick Random$fby Tobias Smollett 210 $aLondon$cH. Milford ; Oxford$cOxford University Press$d1930 215 $axxviii, 541 p.$d16 cm. 410 1$1001UON00057745$12001 $aˆThe ‰World's Classics$v353 620 $aGB$dOxford$3UONL000029 620 $aGB$dLondon$3UONL003044 676 $a823$cLetteratura narrativa inglese$v21 700 1$aSMOLLETT$bTobias George$3UONV113440$0166094 712 $aMilford$3UONV253290$4650 712 $aOxford University Press$3UONV245947$4650 801 $aIT$bSOL$c20240220$gRICA 899 $aSIBA - SISTEMA BIBLIOTECARIO DI ATENEO$2UONSI 912 $aUON00192267 950 $aSIBA - SISTEMA BIBLIOTECARIO DI ATENEO$dSI Angl IV A SMO 08 $eSI MR 9029 5 08 $sBuono 996 $aAdventures of Roderick Random$9184318 997 $aUNIOR